000 00863nam0a2200289 4500
001 RU\NLR\bibl\522753
005 20250609145300.0
010 _a5-94850-382-8
_93000
021 _aRU
_b2004-21504
_91091
035 _a(NLR Aleph) 000515148
090 _a1258002
_c1258002
100 _a20040521d2004 |||y0rusy50 ca
101 0 _arus
102 _aRU
105 _ay |||||||||
200 1 _aКаждому свое
_e[Роман]
_fЕлена Съянова
_g[Послесл. Олег Дарк]
210 _aМ.
_cОЛМА-ПРЕСС Звездн. мир
_d2004
215 _a471,[2] с.
_d21
225 1 _aМастер-класс
686 _aШ6(2=Р)75-442
700 1 _aСъянова
_bЕ.
_gЕлена
_4070
801 0 _aRU
_bNLR
_c20040521
_gPSBO
801 1 _aRU
_bNLR
_c20040521
942 _cBOOK
980 _aNB